Catholic University of Zimbabwe Library
Online Public Access Catalogue
(OPAC)

The razor's edge : (Record no. 152)

MARC details
000 -LEADER
fixed length control field 00709cam a2200229u 4500
001 - CONTROL NUMBER
control field 0000000174
005 - DATE AND TIME OF LATEST TRANSACTION
control field 20170406112431.0
008 - FIXED-LENGTH DATA ELEMENTS--GENERAL INFORMATION
fixed length control field 830216s1946 pau 000 0 eng
010 ## - LIBRARY OF CONGRESS CONTROL NUMBER
LC control number 47002347
035 ## - SYSTEM CONTROL NUMBER
System control number 8346811
035 ## - SYSTEM CONTROL NUMBER
-- (DLC) 47002347
040 ## - CATALOGING SOURCE
Original cataloging agency DLC
Transcribing agency CarP
Modifying agency DLC
050 10 - LIBRARY OF CONGRESS CALL NUMBER
Classification number PZ3.M442
Item number Raz4
Classification number PR6025.A86
050 00 - LIBRARY OF CONGRESS CALL NUMBER
Classification number Microfilm 76286 PZ
100 1# - MAIN ENTRY--PERSONAL NAME
Personal name Maugham, W. Somerset
Fuller form of name (William Somerset),
Dates associated with a name 1874-1965.
245 14 - TITLE STATEMENT
Title The razor's edge :
Remainder of title a novel.
260 ## - PUBLICATION, DISTRIBUTION, ETC.
Place of publication, distribution, etc. Philadelphia :
Name of publisher, distributor, etc. Triangle books, the Blakiston company,
Date of publication, distribution, etc. [1946]
300 ## - PHYSICAL DESCRIPTION
Extent 3 p.l., 314 p. ;
Dimensions 20 cm.
906 ## - LOCAL DATA ELEMENT F, LDF (RLIN)
a 0
b cbc
c premunv
d u
e ncip
f 19
g y-gencatlg
908 ## - PUT COMMAND PARAMETER (RLIN)
Put command parameter 130123
985 ## -
-- pmosl
Holdings
Withdrawn status Lost status Source of classification or shelving scheme Damaged status Not for loan Home library Current library Shelving location Date acquired Total Checkouts Full call number Barcode Date last seen Copy number Price effective from Koha item type
          CUZ Harare Campus CUZ Harare Campus Open Shelf 06.04.2017   PR 6025.A86.R3 MAU BK0000170 22.05.2025 CU 12247 06.04.2017 OS Book

OPENING HOURS

Weekdays: 0815hrs - 1800hrs
Weekends:0900hrs - 1200hrs

Closed for Mass:

Mon, Thur: 1200hrs - 1300hrs
Sunday & Public Holiday’s

CALL SUPPORT

0242-570570, 0242-570169
09200664, +263 8644140602

LOCATION

18443, Cranborne Avenue, Hatfield, Harare

Other Links


©2021 | CUZ Library